[Event "Mediterranean-ch 8th"]
[Site "Beirut"]
[Date "2013.01.19"]
[Round "1"]
[White "Mawed, Moussa"]
[Black "El Saleh, Riham"]
[Result "1-0"]
[WhiteElo "2138"]
[BlackElo "1558"]
[PlyCount "69"]
[EventDate "2013.01.19"]
[EventType "swiss"]
[EventRounds "9"]
[EventCountry "LBN"]
[SourceTitle "CBM 152 Extra"]
[Source "ChessBase"]
[SourceDate "2013.02.25"]
[SourceVersion "1"]
[SourceVersionDate "2013.02.25"]
[SourceQuality "1"]

1. e4 c5 2. Nf3 Nc6 3. d4 cxd4 4. Nxd4 g6 5. Nc3 Bg7 6. Be3 d6 7. Bb5 Bd7 8. 0-0 Nf6 9. Nxc6 Bxc6 10. Bxc6+ bxc6 11. f3 0-0 12. Qd2 Qc7 13. Rad1 Rfd8 14. b3 c5 15. Nb5 Qd7 16. c4 Ne8 17. Bxc5 Qc6 18. Bd4 a6 19. Nc3 Nc7 20. Nd5 Nxd5 21. exd5 Qc7 22. Rfe1 a5 23. Qe3 Re8 24. h4 Bxd4 25. Rxd4 e5 26. dxe6 Rxe6 27. Re4 Rae8 28. Qd4 Qc5 29. Qxc5 dxc5 30. Rxe6 Rxe6 31. Rxe6 fxe6 32. Kf2 Kf7 33. Ke3 Kf6 34. Ke4 h6 35. g4 1-0

[Event "Olympiad-35"]
[Site "Bled"]
[Date "2002.11.02"]
[Round "8.3"]
[White "Mawed, Moussa"]
[Black "Chinasamy, Devarajen"]
[Result "0-1"]
[WhiteElo "2186"]
[BlackElo "2006"]
[PlyCount "62"]
[EventDate "2002.10.26"]
[EventType "team-swiss"]
[EventRounds "14"]
[EventCountry "SLO"]
[SourceTitle "EXT 2003"]
[Source "ChessBase"]
[SourceDate "2002.11.25"]
[SourceVersion "1"]
[SourceVersionDate "2002.11.25"]
[SourceQuality "1"]
[WhiteTeam "Palestine"]
[BlackTeam "Mauritius"]
[WhiteTeamCountry "PLE"]
[BlackTeamCountry "MRI"]

1. e4 c5 2. Nf3 d6 3. c3 Nf6 4. Be2 g6 5. 0-0 Bg7 6. Re1 0-0 7. Bf1 Nc6 8. a3 Bg4 9. h3 Bd7 10. d3 a6 11. a4 b5 12. axb5 axb5 13. Rxa8 Qxa8 14. d4 cxd4 15. cxd4 Na5 16. b4 Nc4 17. Nc3 Rc8 18. d5 Ng4 19. Nd4 Qa7 20. Nce2 Nf6 21. Nc3 Qb6 22. Nf3 Ng4 23. Qc2 Bxc3 24. Qxc3 Qxf2+ 25. Kh1 Nce5 26. Qd2 Nxf3 27. gxf3 Qxf3+ 28. Bg2 Nf2+ 29. Kh2 Qf6 30. Re3 Qh4 31. Qe1 Rc2 0-1